Concepciones y prácticas en el aprendizaje y la enseñanza : (Record no. 145765)

MARC details
000 -CABECERA
campo de control de longitud fija 00910nam a2200241 u 4500
005 - FECHA Y HORA DE LA ÚLTIMA TRANSACCIÓN
campo de control 20240605063911.0
008 - ELEMENTOS DE LONGITUD FIJA--INFORMACIÓN GENERAL
campo de control de longitud fija 091109s2000 ag r 000 0 spa d
035 ## - NÚMERO DE CONTROL DEL SISTEMA
Número de control de sistema UPN01000173661
049 ## - COLECCIÓN
Colección CG
050 #4 - SIGNATURA TOPOGRÁFICA DE LA BIBLIOTECA DEL CONGRESO
Número de clasificación LB1026
Número de documento/Ítem C6.6
245 00 - MENCIÓN DE TÍTULO
Título Concepciones y prácticas en el aprendizaje y la enseñanza :
Resto del título la clase, la lección y la exposición : cambio conceptual, cambio educativo /
Mención de responsabilidad, etc. dir. Daniel Horacio Kaplan.
260 ## - PUBLICACIÓN, DISTRIBUCIÓN, ETC.
Lugar de publicación, distribución, etc. Buenos Aires :
Nombre del editor, distribuidor, etc. Novedades Educativas,
Fecha de publicación, distribución, etc. 2000.
300 ## - DESCRIPCIÓN FÍSICA
Extensión 95 p.
440 #0 - MENCIÓN DE SERIE/ASIENTO SECUNDARIO--TÍTULO
Título Psicología y educación ;
Designación de volumen o secuencia 33.
Nombre de parte o sección de la obra Ensayos y experiencias
500 ## - NOTA GENERAL
Nota general Datos tomados de la cubierta
590 ## - NOTA LOCAL (RLIN)
Nota local También localizas un ejemplar en el "Area de Reserva"
590 ## - NOTA LOCAL (RLIN)
Nota local Bibliografía Básica, 2009 (BGTQ)
650 #2 - ASIENTO SECUNDARIO DE MATERIA - TERMINO TEMATICO
Término de materia o nombre geográfico como elemento de entrada Aprendizaje escolar
9 (RLIN) 6487
650 #4 - ASIENTO SECUNDARIO DE MATERIA - TERMINO TEMATICO
Término de materia o nombre geográfico como elemento de entrada Enseñanza
Subdivisión general Metodología
9 (RLIN) 7684
700 1# - ASIENTO SECUNDARIO--NOMBRE DE PERSONAL
Nombre de persona Kaplan, Daniel Horacio,
Término indicativo de función/relación dir.
905 ## - TIPO DE MATERIAL
Tipo de material Libro
Holdings
Estado de retiro Estado de pérdida Fuente del sistema de clasificación o colocación Estado dañado Restricciones de uso No para préstamo Código de colección Localización permanente Ubicación/localización actual Ubicación en estantería Fecha de adquisición Clasificación Código de barras Fecha visto por última vez Número de copia Tipo de ítem Koha Total de préstamos Fecha del último préstamo
    Library of Congress Classification   Préstamo por horas   Bibliografía básica Bib. Gregorio Torres Quintero Bib. Gregorio Torres Quintero Colecciones especiales Planta alta 30/01/2023 LB1026 C6.6 268329 31/12/2020 1 Libro por horas    
    Library of Congress Classification       Colección General Bib. Gregorio Torres Quintero Bib. Gregorio Torres Quintero Planta baja   LB1026 C6.6 268328 31/12/2020 1 Libro 3  
    Library of Congress Classification       Colección General Bib. Gregorio Torres Quintero Bib. Gregorio Torres Quintero Planta baja   LB1026 C6.6 268327 02/09/2025 1 Libro 2 15/08/2025
    Library of Congress Classification       Colección General Bib. Gregorio Torres Quintero Bib. Gregorio Torres Quintero Planta baja   LB1026 C6.6 268326 29/08/2025 1 Libro 4 15/08/2025
    Library of Congress Classification       Colección General Bib. Gregorio Torres Quintero Bib. Gregorio Torres Quintero Planta baja   LB1026 C6.6 268325 29/08/2025 1 Libro 9 15/08/2025